Heterosis breeding (Record no. 42646)

MARC details
000 -LEADER
fixed length control field 00302nam a2200121Ia 4500
020 ## - INTERNATIONAL STANDARD BOOK NUMBER
ISBN 8179190015
082 ## - DEWEY DECIMAL CLASSIFICATION NUMBER
Classification number 575.222.78
Item number RAI
100 ## - MAIN ENTRY--AUTHOR NAME
Personal name Rai, B
245 #0 - TITLE STATEMENT
Title Heterosis breeding
260 ## - PUBLICATION, DISTRIBUTION, ETC. (IMPRINT)
Place of publication Delhi
Name of publisher Agro-Biological Publications
Year of publication 1979
942 ## - ADDED ENTRY ELEMENTS (KOHA)
Koha item type Books
Holdings
Withdrawn status Lost status Damaged status Not for loan Home library Current library Date acquired Cost, normal purchase price Full call number Accession Number Koha item type
        RRII Library RRII Library 16/12/2021 350.00 575.222.78 RAI 22915 Books